000 00860nam a2200277Ia 4500
001 22013
005 20260320113334.0
008 260320s9999||||xx |||||||||||||| ||und||
022 _a20756305
041 _aESP
082 _aHR 344 OCT 2025
_bGPP
100 _a
_e
110 _aGaceta Jurídica
245 0 _aGaceta penal & procesal penal :
_binformación especializada para abogados, jueces y fiscales
246 _a
_5
_b
260 _aLima :
_bGaceta Jurídica,
_c2025
300 _a248 páginas :
_b
_c25 cm.
_e
440 _a
_n
_v
505 _aTomo 196 (2025)
650 _aCIS
653 _aDerecho - Revista
654 _aDER
700 _a
_c
856 _uhttps://0u20wnkiw-y-https-www-gacetajuridica-com-pe.itmsp.museknowledge.com/productos/gaceta-penal-procesal-penal/revistas-digitales
_zVersión digital
942 _cREV
_dJUS
_fMAT
_2ddc
_n
999 _c22013
_d22013